[Event "Klatovy op-A"]
[Site "Klatovy"]
[Date "2013.07.07"]
[Round "9"]
[White "Kopta, Pavel"]
[Black "Lacina, Adolf"]
[Result "1-0"]
[WhiteElo "2292"]
[BlackElo "2214"]
[PlyCount "89"]
[EventDate "2013.06.29"]
[EventType "swiss"]
[EventRounds "9"]
[EventCountry "CZE"]
[SourceTitle "EXT 2014"]
[Source "ChessBase"]
[SourceDate "2013.11.20"]
[SourceVersion "1"]
[SourceVersionDate "2013.11.20"]
[SourceQuality "1"]

1. d4 Nf6 2. c4 e6 3. Nc3 Bb4 4. Qc2 0-0 5. Nf3 b6 6. e4 Bb7 7. Bd3 d5 8. cxd5 exd5 9. e5 Ne4 10. 0-0 Bxc3 11. bxc3 c5 12. c4 Na6 13. Ba3 h6 14. Rae1 f5 15. exf6 Nxf6 16. Bf5 Bc8 17. Re5 Bxf5 18. Qxf5 Nb4 19. dxc5 bxc5 20. cxd5 Nfxd5 21. Qe6+ Kh8 22. Rd1 Qa5 23. Bxb4 Nxb4 24. Rd7 Qxa2 25. Qe7 Rg8 26. h3 Nc6 27. Qxc5 Nxe5 28. Nxe5 Qb1+ 29. Kh2 a5 30. Nf7+ Kh7 31. Nxh6 Qb8+ 32. g3 Kxh6 33. Qe3+ Kg6 34. Qe4+ Kh6 35. Qa4 Kg6 36. Qg4+ Kh6 37. Qh4+ Kg6 38. Rd5 Ra7 39. Qh5+ Kf6 40. Rf5+ Ke7 41. Qf7+ Kd6 42. Rd5+ Kc6 43. Qe6+ Kb7 44. Rb5+ Ka8 45. Qd5+ 1-0

[Event "Klatovy op-A"]
[Site "Klatovy"]
[Date "2013.07.05"]
[Round "7"]
[White "Muk, Ivo"]
[Black "Lacina, Adolf"]
[Result "0-1"]
[WhiteElo "2038"]
[BlackElo "2214"]
[PlyCount "152"]
[EventDate "2013.06.29"]
[EventType "swiss"]
[EventRounds "9"]
[EventCountry "CZE"]
[SourceTitle "EXT 2014"]
[Source "ChessBase"]
[SourceDate "2013.11.20"]
[SourceVersion "1"]
[SourceVersionDate "2013.11.20"]
[SourceQuality "1"]

1. c4 e6 2. d4 d5 3. Nf3 c6 4. e3 Nf6 5. Nbd2 Bd6 6. Bd3 Nbd7 7. e4 dxe4 8. Nxe4 Nxe4 9. Bxe4 Qc7 10. 0-0 0-0 11. Bc2 e5 12. Qd3 f5 13. c5 Be7 14. Bg5 Bxg5 15. Nxg5 Nf6 16. Bb3+ Nd5 17. dxe5 Rd8 18. e6 Ne7 19. Qh3 h6 20. Nf7 Rf8 21. Rfe1 Kh7 22. Qh4 Re8 23. Qh5 Rf8 24. Rad1 b6 25. Re3 Qf4 26. Rg3 bxc5 27. Ng5+ Kg8 28. Nh3 Qe5 29. Qh4 Re8 30. Nf4 Kh7 31. Qh5 Ba6 32. h3 Qxf4 33. Rd7 Qe5 34. Qf7 Qf6 35. Bc2 Kh8 36. Rc3 Nd5 37. Rxc5 Rxe6 38. Bxf5 Qxf7 39. Rxf7 Rf6 40. Rxf6 gxf6 41. Rxc6 Bb7 42. Rd6 Re8 43. Be6 Nf4 44. Bc4 Nxg2 45. Rxf6 Ne1 46. Kh2 Nf3+ 47. Kg3 Ne5 48. Bb3 Kg7 49. Rd6 Re7 50. a4 Rf7 51. f4 Ng6 52. Bc4 Re7 53. Be6 Nf8 54. Bg4 Re3+ 55. Kf2 Rb3 56. f5 Rxb2+ 57. Kg3 Rb4 58. f6+ Kf7 59. a5 Ng6 60. a6 Be4 61. Rd7+ Kxf6 62. Rxa7 Rb3+ 63. Kf2 Ra3 64. Be2 Rxh3 65. Rh7 Kg5 66. a7 Ra3 67. Rf7 h5 68. Rh7 h4 69. Rh5+ Kf4 70. Rh7 Ra2 71. Rf7+ Bf5 72. Ke1 h3 73. Bd3 Nh4 74. Bxf5 Nxf5 75. Rh7 Kg3 76. Rh5 h2 0-1

[Event "Tabor op"]
[Site "Tabor"]
[Date "2012.08.01"]
[Round "5"]
[White "Lacina, Adolf"]
[Black "Prochazka, Petr"]
[Result "1-0"]
[WhiteElo "2210"]
[BlackElo "1968"]
[PlyCount "33"]
[EventDate "2012.07.29"]
[EventType "swiss"]
[EventRounds "9"]
[EventCountry "CZE"]
[SourceTitle "EXT 2013"]
[Source "ChessBase"]
[SourceDate "2012.11.22"]
[SourceVersion "1"]
[SourceVersionDate "2012.11.22"]
[SourceQuality "1"]

1. Nf3 c5 2. c4 Nc6 3. Nc3 g6 4. g3 Bg7 5. Bg2 e6 6. 0-0 Nge7 7. d3 0-0 8. Ne4 d6 9. Rb1 b6 10. Bg5 h6 11. Bf6 d5 12. cxd5 exd5 13. Bxg7 dxe4 14. Bxf8 exf3 15. Bxe7 Qxe7 16. Bxf3 Bb7 17. Re1 1-0

[Event "Tabor op"]
[Site "Tabor"]
[Date "2012.07.30"]
[Round "3"]
[White "Lacina, Adolf"]
[Black "Stanek, Stanislav"]
[Result "1-0"]
[WhiteElo "2210"]
[BlackElo "2005"]
[PlyCount "92"]
[EventDate "2012.07.29"]
[EventType "swiss"]
[EventRounds "9"]
[EventCountry "CZE"]
[SourceTitle "EXT 2013"]
[Source "ChessBase"]
[SourceDate "2012.11.22"]
[SourceVersion "1"]
[SourceVersionDate "2012.11.22"]
[SourceQuality "1"]

1. e4 e5 2. Nf3 d6 3. d4 Qe7 4. Nc3 c6 5. a4 a5 6. h3 Nf6 7. Bd3 g6 8. Bg5 Bg7 9. Qd2 0-0 10. 0-0 Re8 11. Ne2 Nbd7 12. c3 Qf8 13. Ng3 Kh8 14. Nh2 Ng8 15. Be3 Qe7 16. f4 Ndf6 17. Nf3 exd4 18. Bxd4 Nd7 19. Rae1 Bxd4+ 20. cxd4 Nb6 21. Bc2 f6 22. Bb3 Be6 23. d5 Bf7 24. h4 Kg7 25. Nd4 Qd7 26. dxc6 bxc6 27. Bxf7 Qxf7 28. Nxc6 Nxa4 29. Qd4 Nc5 30. Qxd6 Nb7 31. Qd4 Ne7 32. Nxe7 Qxe7 33. Rc1 Rad8 34. Qc3 Rd7 35. h5 Red8 36. Qf3 Qe6 37. f5 Qb6+ 38. Kh2 g5 39. e5 fxe5 40. f6+ Kf8 41. Rc6 Qxb2 42. Ne4 h6 43. f7 Qa2 44. Qf6 Rxf7 45. Qh8+ Ke7 46. Qxe5+ Kd7 1-0

[Event "Tabor op"]
[Site "Tabor"]
[Date "2012.07.29"]
[Round "1"]
[White "Lacina, Adolf"]
[Black "Valek, Tomas"]
[Result "1-0"]
[WhiteElo "2210"]
[BlackElo "1823"]
[PlyCount "41"]
[EventDate "2012.07.29"]
[EventType "swiss"]
[EventRounds "9"]
[EventCountry "CZE"]
[SourceTitle "EXT 2013"]
[Source "ChessBase"]
[SourceDate "2012.11.22"]
[SourceVersion "1"]
[SourceVersionDate "2012.11.22"]
[SourceQuality "1"]

1. e4 Nf6 2. e5 Nd5 3. d4 d6 4. c4 Nb6 5. exd6 exd6 6. Nf3 Bg4 7. Be2 Be7 8. 0-0 0-0 9. Nc3 Nc6 10. b3 Bf6 11. Be3 a5 12. Ne4 a4 13. Re1 axb3 14. axb3 Rxa1 15. Qxa1 Nb4 16. Qc3 c5 17. Qd2 Qe7 18. Nxf6+ gxf6 19. Bh6 Re8 20. Bf1 Qd7 21. Qf4 1-0